| LEADER |
00725nam0a2200205 450 |
| 001 |
16834339 |
| 010 |
|
|
|a 978-2-203-18568-5
|b br.
|d 10,9
|
| 100 |
|
|
|a 20191017d2019 u u0frey01 ba
|
| 101 |
1 |
|
|a fre
|c eng
|
| 102 |
|
|
|a FR
|
| 200 |
0 |
|
|a anniversaire tout moisi (L')
|f Laura Ellen Anderson
|g traduit de l'anglais par Valérie Le Plouhinec
|
| 207 |
|
1 |
|a
|
| 210 |
|
|
|a Tournai (Belgique)
|b 28 Rue des Soeurs Noires.
|c Casterman
|d 2019
|
| 225 |
1 |
|
|a Amélia Fang
|v 3
|
| 461 |
|
0 |
|t Amélia Fang
|v 3
|
| 700 |
|
0 |
|a Anderson
|b Laura Ellen
|4 70
|
| 702 |
|
0 |
|a Le Plouhinec
|b Valérie
|4 730
|
| 900 |
|
|
|a Roman enfant
|
| 901 |
|
|
|a Accessible au prêt
|
| 995 |
|
|
|a Bibliothèque
|c Bibliothèque
|f 024020556
|h 024020556
|k E C2 AND
|o p
|q j
|r az
|e Bibliothèque
|